[Event "Isle of Wight blitz op1"]
[Site "Isle of Wight"]
[Date "2025.02.19"]
[Round "3"]
[White "Chen, Yechu"]
[Black "Hanley, Craig"]
[Result "0-1"]
[WhiteElo "1566"]
[BlackElo "2439"]
[PlyCount "100"]
[EventDate "2025.02.19"]
[EventType "swiss (blitz)"]
[EventRounds "7"]
[EventCountry "ENG"]
[SourceTitle "CB08_2025"]
[SourceDate "2025.02.19"]
[SourceVersion "1"]
[SourceVersionDate "2025.02.19"]
[SourceQuality "1"]

1. e4 e5 2. Nf3 Nc6 3. Bc4 Bc5 4. c3 Nf6 5. d4 exd4 6. cxd4 Bb4+ 7. Bd2 d5 8. exd5 Nxd5 9. Qb3 Bxd2+ 10. Nbxd2 Be6 11. 0-0 0-0 12. Ne4 Na5 13. Qc2 Nb4 14. Qc3 Bxc4 15. Qxb4 Bxf1 16. Qxa5 Be2 17. Ned2 Re8 18. Qf5 Qd6 19. Ng5 Qg6 20. Qxg6 hxg6 21. Rc1 Re7 22. f4 f6 23. Nge4 Rd8 24. Kf2 Bg4 25. h3 Bf5 26. Ng3 Rxd4 27. Nb3 Rxf4+ 28. Kg1 b6 29. Nd2 c5 30. Nf3 Bxh3 31. gxh3 Rxf3 32. Kg2 Rf4 33. Rd1 Rd4 34. Rf1 Rd2+ 35. Rf2 Red7 36. Ne2 Rxb2 37. Kg3 Rdd2 38. Kf3 Rxa2 39. Ke3 g5 40. Rg2 Kf7 41. Kf3 c4 42. Ke3 f5 43. Rxg5 Rxe2+ 44. Kd4 Kf6 45. Rg3 Re4+ 46. Kc3 Ra3+ 47. Kb2 Rxg3 48. Kc2 Re2+ 49. Kd1 Rh2 50. Ke1 Rg1# 0-1